000 00525nam a2200193 a 4500
001 1769488318996
003 YourLibrary
005 20260128114523.0
008 260127s2009##################000#0#eng##
020 _a9780335228690
082 0 4 _a302.2345
_bBRI
100 1 _aBriggs, Matt,
_eauthor.
245 1 0 _aTelevision, Audiences And Everyday Life :
260 _bMcGraw-Hill Education (UK),
_c2009.
300 _a193 pages
650 0 _aSocial Science.
942 _cENGLISH
040 _aYourLibrary
_beng
_cYourLibrary
999 _c609371
_d609371